Rhymes With 'Dip' Quiz Stats

 Plays Quiz Updated Aug 22, 2017

Also try: Rhymes with 'ACK!'
Challenge
Share
Tweet
Embed
Score 0/27 Timer 02:00
15 Plays Today
Dip Rhyme % Correct
lip
94.2%
sip
93.7%
nip
93.6%
hip
93.4%
rip
92.8%
tip
90.2%
pip
84.8%
flip
84.7%
slip
82.4%
clip
81.1%
zip
80.2%
whip
80.1%
blip
80%
trip
79.7%
Dip Rhyme % Correct
drip
74.2%
grip
72.5%
chip
71.9%
kip
70%
ship
68.9%
yip
63%
quip
61.8%
snip
56.6%
skip
56.1%
strip
44.4%
gyp
33.5%
scrip
14%
grippe
11.5%

You're not logged in!

Compare scores with friends on all Sporcle quizzes.
Join for Free
OR
Log In

You Might Also Like...

Show Comments

Extras

Top Quizzes Today


Score Distribution

Your Account Isn't Verified!

In order to create a playlist on Sporcle, you need to verify the email address you used during registration. Go to your Sporcle Settings to finish the process.

Report this User

Report this user for behavior that violates our Community Guidelines.

Details: